|
|
|
|
| LEADER |
00000naa a2200000uu 4500 |
| 001 |
vtls011063369 |
| 003 |
SK-MaSNL |
| 005 |
20260302131659.0 |
| 008 |
220810|2010 xo |||||||||||||||||cze| |
| 015 |
|
|
|a SNBRA
|
| 035 |
|
|
|a (urnnbn)urn:nbn:sk:snk:ar-a0c4hz
|
| 035 |
|
|
|a (uuid)74bf3768-d8c7-48b5-af9d-49538866c2ae
|
| 035 |
|
|
|a urn:nbn:sk:snk-aavazb
|
| 040 |
|
|
|a SNKBUCL
|b slo
|c SNKBUCL
|e AACR2
|
| 041 |
0 |
|
|a cze
|
| 044 |
|
|
|a xo
|c SK
|
| 100 |
1 |
|
|a Pašek, Jan
|4 aut
|9 320550
|
| 245 |
1 |
0 |
|a VÝZKUMNÝ PROJEKT FAKULTY STAVEBNÍ ČVUT V PRAZE V ARCHEOLOGICKÉM AREÁLU ANGKOR, KAMBODŽA
|c Jan Pašek, Hansley Pravin Gaya
|
| 700 |
1 |
|
|a Hansley Pravin Gaya
|4 aut
|9 815831
|
| 773 |
0 |
|
|t 34. vedecká konferencia katedier a ústavov konštrukcií pozemných stavieb
|d Kysucké Nové Mesto] : Miroslav Gibala, 2010
|g S. 27-30
|z 9788097017163
|
| 954 |
|
|
|a odborná, vedecká literatúra cudzojazyčná (svetová)
|2 lita
|
| 958 |
|
|
|a OND
|
| 958 |
|
|
|a article12
|
| 958 |
|
|
|a chapter
|
| 999 |
|
|
|c 1309821
|d 1311751
|